Gaming Quiz

Random Gaming Quiz

Name the Primarchs Quiz Stats

 Plays Quiz not verified by Sporcle

Score 0/18 Timer 03:00
0 Plays Today
Legion Primarch % Correct
VI- Space WolvesLeman Russ the Wolf
91.8%
III- Emperor's ChildrenFulgrim the Phoenician
90.3%
VII- Imperial FistsRogal Dorn
89.7%
XVI- Luna WolvesHorus Lupercal
87.1%
XV- Thousand SonsMagnus the Red(The Crimson King)
83.8%
IX- Blood AngelsSanguinius the Angel
82.7%
XII- World EatersAngron
81.9%
XIV- Death GuardMortarion the Death Lord
77.4%
XX- Alpha LegionAlpharius/Omegon
77.4%
Legion Primarch % Correct
V- White ScarsJaghatai Khan
77%
X- Iron HandsFerrus Manus the Gorgon
76.2%
XVII- Word BearersLorgar Aurelian the Anointed
73.2%
VIII- Night LordsKonrad Curze(Night Haunter)
72.6%
XVIII- SalamandersVulkan
72.4%
XIII- UltramarinesRoboute Guilliman
70.7%
I- Dark AngelsLion El'Jonson
70.5%
IV- Iron WarriorsPerturabo
70.3%
XIX- Raven GuardCorvus Corax
67.7%

You're not logged in!

Compare scores with friends on all Sporcle quizzes.
OR
Log In

Show Comments

Extras

Top Quizzes Today


Score Distribution

Your Account Isn't Verified!

In order to create a playlist on Sporcle, you need to verify the email address you used during registration. Go to your Sporcle Settings to finish the process.

Report this User

Report this user for behavior that violates our Community Guidelines.

Details: